000 00497nam a2200193 a 4500
001 1760597274845
003 YourLibrary
005 20251016121924.0
008 251016s2000##################000#0#eng##
020 _a0521805414
082 0 4 _a581.10428
_bNOR
100 1 _aNorby, R. J.,
_eauthor.
245 1 0 _aRoot Dynamics and Global Change :
260 _bWiley-Blackwell,
_c2000.
300 _a234 pages
650 0 _aScience.
942 _cENGLISH
040 _aYourLibrary
_beng
_cYourLibrary
999 _c591893
_d591893